A method for evaluating the possibility of surface soil contamination with atmospheric heavy metal deposition : Doctor Thesis - Major: Environmental Engineering

Bewaard in:
Bibliografische gegevens
Hoofdauteur: Nguyễn, Thị Lan Bình
Formaat: Luận văn
Taal:Undetermined
Gepubliceerd in: Đại học Quốc gia Yokohama 2018
Onderwerpen:
Tags: Voeg label toe
Geen labels, Wees de eerste die dit record labelt!
Thư viện lưu trữ: Trung tâm Thư viện - Trường Đại học Công nghiệp TP. Hồ Chí Minh
LEADER 00680nam a2200157Ia 4500
001 UIH_01878
008 230809s9999 xx 000 0 und d
082 |a 628 
100 |a Nguyễn, Thị Lan Bình 
245 2 |a A method for evaluating the possibility of surface soil contamination with atmospheric heavy metal deposition : Doctor Thesis - Major: Environmental Engineering 
245 0 |c Nguyễn, Thị Lan Bình 
260 |b Đại học Quốc gia Yokohama 
260 |c 2018 
650 |a Môi trường đất;Kỹ thuật môi trường 
927 |a Luận văn 
980 |a Trung tâm Thư viện - Trường Đại học Công nghiệp TP. Hồ Chí Minh